banner-ar

قانون التاويل / (Record no. 47253)

MARC details
000 -الفاتح
حقل البيانات ثابتة الطول 00751nam a2200205Ia 4500
008 - عناصر البيانات ثابتة الطول - معلومات عامة
حقل البيانات ثابتة الطول 140319s9999 xx 000 0 ara d
040 ## - مصدر الفهرسة
وكالة الفهرسة الأصلية GCL /
وكالة النسخ GCL
082 04 - رقم تصنيف ديوى العشرى
رقم التصنيف 227
رقم المادة ع ق
100 1# - المدخل الرئيسى - إسم شخصى
الإسم الشخصى محمد السليمانى
245 10 - بيان العنوان
العنوان قانون التاويل /
بيان المسئوليه,etc محمد السليمانى
700 1# - المدخل الاضافى - اسم شخصى
الإسم الشخصى ابن العربى : محيى الدين ابو بكر محمد بن على بن محمد بن احمد بن عبدالله الحاتمى الطائى الاندلسى
250 ## - بيان الطبعة
بيان الطبعة الثانية
260 ## - PUBLICATION, DISTRIBUTION, ETC. (IMPRINT)
تاريخ النشر أو التوزيع 1990
300 ## - الوصف المادى
التعداد 459 ص ؛
أبعاد الوعاء 24 سم
490 ## - بيان السلسلة
عنوان السلسلة
650 04 - المدخل الاضافى بالموضوع-مصطلح موضوعى
مصطلح موضوعي القران - علوم
650 04 - المدخل الاضافى بالموضوع-مصطلح موضوعى
مصطلح موضوعي القران - تفاسير
942 ## - عناصر المدخل الإضافي( كوها)
مصدر التصنيف او مخطط الترفيف Dewey Decimal Classification
Koha [default] item type كتاب
260 ## - PUBLICATION, DISTRIBUTION, ETC. (IMPRINT)
-- بيروت :
-- دار الغرب الاسلامى ،
Holdings
حالة التراجع حالة الفقد حالة تلف ليس للاعارة المكان المؤقت الموقع الحالى تاريخ الاكتساب اجمالي اﻻعارات رقم الطلب الباركود تاريخ اخر مشاهدة تاريخ تفعيل السعر نوع وعاء كوها
        مكتبة القاهرة الكبرى مكتبة القاهرة الكبرى 03/26/2014   227\ ع ق 114384 03/26/2014 03/26/2014 كتاب
        مكتبة القاهرة الكبرى مكتبة القاهرة الكبرى 03/26/2014   227\ ع ق 114385 03/26/2014 03/26/2014 كتاب
        مكتبة القاهرة الكبرى مكتبة القاهرة الكبرى 03/26/2014   227\ ع ق 114386 03/26/2014 03/26/2014 كتاب
        مكتبة القاهرة الكبرى مكتبة القاهرة الكبرى 03/26/2014   227\ ع ق 114387 03/26/2014 03/26/2014 كتاب

Powered By

EGPV